00287nam a2200097Ia 4500008004100000020001800041100001500059245007000074260002800144300001700172180315s9999 xx 000 0 und d a9780071787154 aD.A Benton 4aThe virtual executive :bHow to act like a CEO online and offline aUSA :b2012cMcGrawHill av, 240 pages